Characterization of genetic diversity and Hevea genome mapping by biochemical and molecular markers (Record no. 55425)

MARC details
000 -LEADER
fixed length control field 01702nam a2200289Ia 4500
100 ## - MAIN ENTRY--AUTHOR NAME
Personal name Seguin M
245 #0 - TITLE STATEMENT
Title Characterization of genetic diversity and Hevea genome mapping by biochemical and molecular markers
260 ## - PUBLICATION, DISTRIBUTION, ETC. (IMPRINT)
Name of publisher IRRDB symposium on physiological and molecular aspects of the breeding of Hevea brasiliensis 6-7 November 1995
Year of publication 1995
300 ## - PHYSICAL DESCRIPTION
Number of Pages 19-30
520 ## - SUMMARY, ETC.
Summary, etc A breeding programme has been conducted in collaboration with IDEFOR (Cote dIvoire). In connection with this breeding programme, CIRAD-CP carried out a research and development programme on the molecular genetics of the rubbe r tree at the AGETROP laboratory in Montpellier (France). The objectives of the programme are, firstly, to increase our knowledge of the genetic organization of the Hevea genus and, secondly, to provide new tools and methods for smallholders and breeders. Biochemical (isozymes) and molecular markers (RFLPs, RAPDs, microsatellites) were developed and have been sucessfully applied to the rubber tree in three main areas : (i) clonal identification, (ii) germplasm characterization and (iii) genome mapping. In this paper, results are reported on assessment of genetic diversity and the construction of the partial genetic map of Hevea.
650 ## - SUBJECT ADDED ENTRY--TOPICAL TERM
Topical Term Clonal identification
650 ## - SUBJECT ADDED ENTRY--TOPICAL TERM
Topical Term Genetic diversity
650 ## - SUBJECT ADDED ENTRY--TOPICAL TERM
Topical Term Genome mapping
650 ## - SUBJECT ADDED ENTRY--TOPICAL TERM
Topical Term Germplasm characterisation
650 ## - SUBJECT ADDED ENTRY--TOPICAL TERM
Topical Term Hevea
650 ## - SUBJECT ADDED ENTRY--TOPICAL TERM
Topical Term Isozymes
650 ## - SUBJECT ADDED ENTRY--TOPICAL TERM
Topical Term Linkage map
650 ## - SUBJECT ADDED ENTRY--TOPICAL TERM
Topical Term RAPD
650 ## - SUBJECT ADDED ENTRY--TOPICAL TERM
Topical Term RFLP
700 ## - ADDED ENTRY--PERSONAL NAME
Personal name Besse
700 ## - ADDED ENTRY--PERSONAL NAME
Personal name Lebrun P
700 ## - ADDED ENTRY--PERSONAL NAME
Personal name Lespinasse D
700 ## - ADDED ENTRY--PERSONAL NAME
Personal name Nicolas D
700 ## - ADDED ENTRY--PERSONAL NAME
Personal name Rodier-Ground M
942 ## - ADDED ENTRY ELEMENTS (KOHA)
Koha item type Journals
700 ## - ADDED ENTRY--PERSONAL NAME
-- P
Holdings
Withdrawn status Lost status Damaged status Not for loan Home library Current library Shelving location Date acquired Koha item type
      Journals RRII Library RRII Library Physiology 17/12/2021 Journals